Statistics for Beatles Song for Every Album

Click here to take the quiz!

General Stats

  • This quiz has been taken 40 times
  • The average score is 13 of 15

Answer Stats

AlbumSong% Correct
Please Please MeI Saw Her Standing There/Misery/Anna/Chains/Boys/Ask Me Why/Love Me Do/P.S I Love You/Baby It's You/Do You Want To Know a Secret/A Taste of Honey/There's a Place/Twist and Shout
95%
Magical Mystery TourThe Fool On The Hill/Flying/Blue Jay Way/Your Mother Should Know/I Am The Walrus/Hello Goodbye/Strawberry Fields Forever/Penny Lane/Baby You're A Rich Man/All You Need Is Love
95%
A Hard Day's NightI Should Have Known Better/If I Fell/I'm Happy Just to Dance With You/And I Love Her/Tell Me Why/Can't Buy Me Love/Any Time at All/I'll Cry Instead/Things We Said Today/When I Get Home/You Can't Do That/I'll Be Back
92%
The Beatles (The White Album)Back In The USSR/Dear Prudence/Glass Onion/Ob-La-Di Ob-La-Da/Wild Honey Pie/The Continuing Story Of Bungalow Bill/While My Guitar Gently Weeps/Happiness Is A Warm Gun/Martha My Dear/I'm So Tired/Blackbird/Piggies/Rocky Raccoon/Don't Pass Me By/Why Don't We Do It In The Road/I Will/Julia/Birthday/Yer Blues/Mother Nature's Son/Everybody's Got Something To Hide Except Me And My Monkey/Sexy Sadie/Helter Skelter/Long Long Long/Revolution 1/Honey Pie/Savoy Truffle/Cry Baby Cry/Revolution 9/Good Night
89%
Sgt Pepper'sWith A Little Help From My Friends/Lucy In The Sky With Diamonds/Getting Better/Fixing A Hole/She's Leaving Home/Being For The Benefit Of Mr. Kite/Within You Without You/When I'm Sixty Four/Lovely Rita/Good Morning, Good Morning/A Day In The Life
89%
Let it BeTwo Of Us/Dig A Pony/Across The Universe/I Me Mine/Dig It/Maggie Mae/I've Got A Feeling/One After 909/The Long And Winding Road/For You Blue/Get Back
86%
Abbey RoadCome Together/Something/Maxwell's Silver Hammer/Oh! Darling/Octopus's Garden/I Want You (She's So Heavy)/Here Comes The Sun/Because/You Never Give Me Your Money/Sun King/Mean Mr. Mustard/Polythene Pam/She Came In Through The Bathroom Window/Golden Slumbers/Carry That Weight/The End/Her Majesty
84%
Rubber SoulDrive My Car/Norwegian Wood/You Won't See Me/Nowhere Man/Think For Yourself/The Word/Michelle/What Goes On/Girl/I'm Looking Through You/In My Life/Wait/If I Needed Someone/Run For Your Life
84%
Past MastersLove Me Do/From Me To You/Thank You Girl/She Loves You/I'll Get You/I Want To Hold Your Hand/This Boy/Komm Gib Mir Deine Hand/Sie Liebt Dich/Long Tall Sally/I Call Your Name/Slow Down/Matchbox/I Feel Fine/She's A Woman/Bad Boy/Yes It Is/I'm Down/Day Tripper/We Can Work It Out/Paperback Writer/Rain/Lady Madonna/The Inner Light/Hey Jude/Revolution/Get Back/Don't Let Me Down/The Ballad Of John And Yoko/Old Brown Shoe/Across The Universe/Let It Be/You Know My Name
84%
RevolverTaxman/Eleanor Rigby/I'm Only Sleeping/Love You To/Here, There And Everywhere/Yellow Submarine/She Said She Said/Good Day Sunshine/And Your Bird Can Sing/For No One/Doctor Robert/I Want To Tell You/Got To Get You Into My Life/Tomorrow Never Knows
84%
Help!The Night Before/You've Got To Hide Your Love Away/I Need You/Another Girl/You're Going To Lose That Girl/Ticket To Ride/Act Naturally/It's Only Love/You Like Me Too Much/Tell Me What You See/I've Just Seen A Face/Yesterday/Dizzy Miss Lizzy
84%
Yellow SubmarineOnly A Northern Song/All Together Now/Hey Bulldog/Its All Too Much/All You Need Is Love
81%
1Love Me Do/From Me To You/She Loves You/I Want To Hold Your Hand/Can't Buy Me Love/A Hard Day's Night/I Feel Fine/Eight Days A Week/Ticket To Ride/Help/Yesterday/Day Tripper/We Can Work It Out/Paperback Writer/Yellow Submarine/Eleanor Rigby/Penny Lane/All You Need Is Love/Hello Goodbye/Lady Madonna/Hey Jude/Get Back/The Ballad Of John And Yoko/Something/Come Together/Let It Be/The Long And Winding Road
76%
With the BeatlesIt Won’t Be Long/All I’ve Got To Do/All My Loving/Don’t Bother Me/Little Child/Till There Was You/Please Mister Postman/Roll Over Beethoven/Hold Me Tight/You Really Got A Hold On Me/I Wanna Be Your Man/Devil In Her Heart/Not A Second Time/Money (That’s What I Want)
73%
Beatles for SaleNo Reply/I'm A Loser/Baby's In Black/Rock And Roll Music/I'll Follow The Sun/Mr. Moonlight/Kansas City/Hey, Hey, Hey, Hey/Eight Days A Week/Words Of Love/Honey Don't/Every Little Thing/I Don't Want To Spoil The Party/What You're Doing/Everybody's Trying To Be My Baby
70%

Score Distribution

Percentile by Number Answered

Percent of People with Each Score

Your Score History

You have not taken this quiz